NLSUI OPAC header image

India's political system (Record no. 2125)

MARC details
000 -LEADER
fixed length control field 00416nam a2200157Ia 4500
008 - FIXED-LENGTH DATA ELEMENTS--GENERAL INFORMATION
fixed length control field 160316s1967 xxu||||| |||| 00| 0 eng d
082 ## - DEWEY DECIMAL CLASSIFICATION NUMBER
Classification number 320.954000
Item number PAR
100 ## - MAIN ENTRY--PERSONAL NAME
Personal name Park Richard L
245 ## - TITLE STATEMENT
Title India's political system
250 ## - EDITION STATEMENT
Edition statement 2nd.
260 ## - PUBLICATION, DISTRIBUTION, ETC.
Place of publication, distribution, etc. New Jersey
Name of publisher, distributor, etc. Prentice Hall Inc.
Date of publication, distribution, etc. 1967
300 ## - PHYSICAL DESCRIPTION
Extent 205p
Other physical details
Dimensions
365 ## - TRADE PRICE
Price amount Rs.4
650 ## - SUBJECT ADDED ENTRY--TOPICAL TERM
Topical term or geographic name entry element 1.Political System - India
700 ## - ADDED ENTRY--PERSONAL NAME
Personal name De Mesquita Bruce Bueno
--
Holdings
Withdrawn status Lost status Damaged status Not for loan Home library Current library Shelving location Date acquired Cost, normal purchase price Total Checkouts Full call number Barcode Date last seen Date last checked out Price effective from Koha item type
        . .   30.05.2017 4.00 1 320.954 PAR 2250 14.06.2024 13.10.2021 30.05.2017 BOOKs